Memorias de campaña /

Furkejuvvon:
Bibliográfalaš dieđut
Váldodahkki: Urquizo, Francisco L. (autor)
Materiálatiipa: Girji
Giella:espánnjágiella
Almmustuhtton: México : Fondo de Cultura Económica : Secretaría de Educación Pública, 1985, c1971
Fáddágilkorat: Lasit fáddágilkoriid
Eai fáddágilkorat, Lasit vuosttaš fáddágilkora!

MARC

LEADER 00000nam^a2200000^a^4500
001 000563325
005 20250521000000.0
009 20260310132004.21
020 |a 968-16-1899-8 
037 |a Acervo ITESO - Biblioteca 
041 |a ESP 
091 |a FGM. 02030 
100 |a Urquizo, Francisco L.  |e (autor) 
245 1 0 |a Memorias de campaña / 
264 4 |a México :  |b Fondo de Cultura Económica :  |b Secretaría de Educación Pública,  |c 1985, c1971 
300 |a 159 p. 
336 |a texto  |b txt  |2 rdacontenido 
337 |a sin mediación  |b n  |2 rdamedio 
338 |a volumen  |b nc  |2 rdasoporte 
649 |a XX 
910 |a Fondo Efraín González Morfín 
920 |a Impresos - Libros 
930 |a Fondos Especiales 
940 |a Literatura 
905 |a 130 
901 |a 0500386390  |b IT2  |c ESL  |i D91791  |u 20250521 
901 |a 0500386569  |b IT2  |c ESL  |i D89971  |u 20250521 
902 |a https://opac.biblio.iteso.mx/vufind/Record/000563325